UBT Library

The Civil War : (Record no. 40216)

000 -LEADER
fixed length control field 00849cam a2200253 a 4500
001 - CONTROL NUMBER
control field 16832056
005 - DATE AND TIME OF LATEST TRANSACTION
control field 20180112074428.0
008 - FIXED-LENGTH DATA ELEMENTS--GENERAL INFORMATION
fixed length control field 110617r20091990nyuab b 001 0 eng
010 ## - LIBRARY OF CONGRESS CONTROL NUMBER
LC control number 2011381165
020 ## - INTERNATIONAL STANDARD BOOK NUMBER
International Standard Book Number 9780394562858
040 ## - CATALOGING SOURCE
Original cataloging agency DLC
Transcribing agency DLC
041 ## - LANGUAGE CODE
Language code of text/sound track or separate title eng
042 ## - AUTHENTICATION CODE
Authentication code pcc
043 ## - GEOGRAPHIC AREA CODE
Geographic area code n-us---
080 ## - UNIVERSAL DECIMAL CLASSIFICATION NUMBER
Universal Decimal Classification number 973.70222 GEO
082 00 - DEWEY DECIMAL CLASSIFICATION NUMBER
Classification number 973.70222 GEO
Edition number 23
100 1# - Rafti
Rafti 16
101 ## - Shkurtesa
Shkurtesa HIS
245 14 - TITLE STATEMENT
Title The Civil War :
Statement of responsibility, etc narrative by Geoffrey C. Ward ; based on a documentary filmscript by Geoffrey C. Ward, Ric Burns, and Ken Burns ; with contributions by Don E. Fehrenbacher ... [et al.].
504 ## - BIBLIOGRAPHY, ETC. NOTE
Bibliography, etc Includes bibliographical references (p. 419) and index.
906 ## - LOCAL DATA ELEMENT F, LDF (RLIN)
a 7
b cbc
c orignew
d 1
e ncip
f 20
g y-gencatlg
942 ## - ADDED ENTRY ELEMENTS (KOHA)
Source of classification or shelving scheme
Item type Books
Holdings
Withdrawn status Lost status Source of classification or shelving scheme Damaged status Not for loan Collection code Permanent location Current location Shelving location Date acquired Total Checkouts Full call number Barcode Date last seen Price effective from Koha item type
          Koleksioni i përgjithshem UBT - Lipjan UBT - Lipjan Koleksioni i përgjithshem 01/12/2018   973.70222 GEO 002-2995374 01/12/2018 01/12/2018 Books
UBT Library © 2015-2024. All rights reserved University Education for Business and Technology